[Event "17. Internationales Open Graz 2010"]
[Site "Brauhaus Puntigam, Graz"]
[Date "2010.09.02"]
[Round "6"]
[Board "1"]
[White "Strobel, Matthias"]
[Black "Loebler, Heimo"]
[Result "1/2-1/2"]
[WhiteElo "2086"]
[BlackElo "2167"]
[PlyCount "182"]
[EventDate "2010.08.28"]
[EventRounds "9"]
[EventCountry "AUT"]

1.d4 Nf6 2.c4 g6 3.Nc3 Bg7 4.Nf3 d6 5.Bg5 h6 6.Bh4 g5 7.Bg3 Nh5 8.e3 Nxg3 9.hxg3
c5 10.Be2 cxd4 11.Nxd4 Nc6 12.Qd2 Bd7 13.Rd1 Nxd4 14.exd4 Bc6 15.Kf1 Qa5 16.Bf3
Bxf3 17.gxf3 Rc8 18.b3 a6 19.Nd5 Qxd2 20.Rxd2 e6 21.Ne3 b5 22.d5 Ke7 23.Ke2 Bc3
24.Rd3 Bb4 25.dxe6 fxe6 26.Rc1 h5 27.Rdd1 Bc5 28.Ng2 Ba3 29.Rc2 bxc4 30.Rxc4
Rxc4 31.bxc4 h4 32.gxh4 gxh4 33.Rh1 Rb8 34.Rxh4 Rb2+ 35.Kd3 Rxa2 36.Rh7+ Kf6
37.Ne3 Bc5 38.Ng4+ Kg6 39.Rh6+ Kf7 40.Rh7+ Kg6 41.Rh6+ Kf7 42.Rh7+ Kf8 43.Rh8+
Ke7 44.Rh7+ Kd8 45.Rh6 Kd7 46.Nf6+ Kc6 47.Ne4 e5 48.Rf6 a5 49.f4 exf4 50.Rxf4 a4
51.Nc3 Ra1 52.Rf7 Kb6 53.Kc2 a3 54.Kb3 Rf1 55.Na4+ Kc6 56.Nxc5 Kxc5 57.Rf5+ Kc6
58.Kxa3 Kd7 59.Kb4 Ke6 60.Rf3 Rb1+ 61.Rb3 Rf1 62.f3 Ke5 63.Rd3 Rb1+ 64.Kc3 Rc1+
65.Kb3 Ke6 66.Re3+ Kd7 67.Rc3 Rf1 68.Kc2 Rf2+ 69.Kb3 Rf1 70.Rd3 Kc6 71.Kc3 Rh1
72.Kd2 Kc5 73.Ke3 Rh4 74.Rd5+ Kc6 75.Rd4 Rh8 76.f4 Rh5 77.Ke4 Rc5 78.f5 Kd7
79.Kf4 Ke7 80.Kg4 Rc6 81.Kg5 Kf7 82.Rh4 Rc5 83.Rh7+ Kg8 84.Rd7 Rxc4 85.Kf6 d5
86.Rd8+ Kh7 87.Ke7 Rc7+ 88.Ke6 Rc6+ 89.Ke5 Kg7 90.Rd7+ Kf8 91.f6 Rc1

[Event "17. Internationales Open Graz 2010"]
[Site "Brauhaus Puntigam, Graz"]
[Date "2010.09.02"]
[Round "6"]
[Board "1"]
[White "Nickl, Klaus"]
[Black "Neubauer, Anton"]
[Result "1-0"]
[WhiteElo "2162"]
[BlackElo "2003"]
[PlyCount "87"]
[EventDate "2010.08.28"]
[EventRounds "9"]
[EventCountry "AUT"]

1.d4 d5 2.Bg5 c6 3.e3 Qb6 4.b3 h6 5.Bh4 e5 6.Nf3 e4 7.Nfd2 Be7 8.Bxe7 Nxe7 9.c4
Be6 10.Nc3 Nd7 11.Be2 O-O 12.c5 Qd8 13.b4 b6 14.O-O a5 15.a3 b5 16.Re1 Nf5
17.Nf1 Qg5 18.Qd2 Nh4 19.Ng3 f5 20.Bf1 Qe7 21.bxa5 Ra7 22.a4 b4 23.Nce2 Rb8
24.Reb1 Qd8 25.Rxb4 Rxb4 26.Qxb4 Qxa5 27.Qxa5 Rxa5 28.Nc3 g5 29.Nge2 Ng6 30.g3
h5 31.Nc1 h4 32.N1a2 hxg3 33.hxg3 f4 34.Nb4 Nb8 35.Rb1 Ra8 36.Nc2 Bc8 37.Rb6
fxg3 38.fxg3 Ne7 39.Nb4 Kg7 40.a5 Nd7 41.a6 Nxb6 42.cxb6 Rb8 43.a7 Ra8 44.Ba6

[Event "17. Internationales Open Graz 2010"]
[Site "Brauhaus Puntigam, Graz"]
[Date "2010.09.02"]
[Round "6"]
[Board "1"]
[White "Stagl, Marco"]
[Black "Mihevc Mohr, Narcisa"]
[Result "1-0"]
[WhiteElo "2106"]
[BlackElo "2142"]
[PlyCount "57"]
[EventDate "2010.08.28"]
[EventRounds "9"]
[EventCountry "AUT"]

1.d4 Nf6 2.Nf3 g6 3.g3 Bg7 4.Bg2 O-O 5.c4 d6 6.O-O Nbd7 7.Nc3 e5 8.e4 exd4
9.Nxd4 a5 10.h3 Nc5 11.Re1 c6 12.Be3 Re8 13.Qc2 Bd7 14.f4 Qc8 15.Kh2 Rb8 16.a4
d5 17.cxd5 cxd5 18.e5 Nfe4 19.Nxd5 f5 20.exf6 Bxf6 21.Nxf6+ Nxf6 22.Nb5 Nce4
23.Qd3 Bf5 24.Rac1 Qd8 25.Qxd8 Rbxd8 26.Bd4 h5 27.Re2 Bd7 28.Nc7 Rc8 29.Nxe8

[Event "17. Internationales Open Graz 2010"]
[Site "Brauhaus Puntigam, Graz"]
[Date "2010.09.02"]
[Round "6"]
[Board "1"]
[White "Holzbauer, Johannes"]
[Black "Zankl, Thomas"]
[Result "1/2-1/2"]
[WhiteElo "2036"]
[BlackElo "2122"]
[PlyCount "78"]
[EventDate "2010.08.28"]
[EventRounds "9"]
[EventCountry "AUT"]

1.e4 e6 2.d4 d5 3.exd5 exd5 4.Nf3 Nf6 5.Bd3 Bd6 6.O-O O-O 7.Bg5 h6 8.Bh4 Be6
9.Nbd2 Nbd7 10.c3 Be7 11.Re1 Ne8 12.Bxe7 Qxe7 13.Qb3 Nb6 14.Nf1 Nd6 15.Ne3 Qf6
16.Qc2 Nbc4 17.b3 Nxe3 18.Rxe3 Nf5 19.Re5 Nh4 20.Nxh4 Qxh4 21.Rae1 Rae8 22.Qd2
Qd8 23.Bc2 Bc8 24.Qd3 g6 25.Qe3 Rxe5 26.dxe5 Kg7 27.Qxa7 b6 28.Qa4 Qg5 29.f4 Qh4
30.g3 Qh3 31.Qd4 Be6 32.b4 h5 33.Qf2 h4 34.Qg2 Qg4 35.Bd1 Qf5 36.Bc2 Qg4 37.Re3
Rh8 38.a4 hxg3 39.Qxg3 Rh4

[Event "17. Internationales Open Graz 2010"]
[Site "Brauhaus Puntigam, Graz"]
[Date "2010.09.02"]
[Round "6"]
[Board "1"]
[White "Schieder, Josef"]
[Black "Bensch, Patrick"]
[Result "1-0"]
[WhiteElo "2064"]
[BlackElo "2213"]
[PlyCount "49"]
[EventDate "2010.08.28"]
[EventRounds "9"]
[EventCountry "AUT"]

1.c4 Nf6 2.g3 c5 3.Bg2 d5 4.cxd5 Nxd5 5.Nc3 Nc7 6.Nf3 Nc6 7.O-O e5 8.Ne1 Bd7
9.b3 Be7 10.Nd3 f6 11.Ba3 Ne6 12.f4 exf4 13.Nxf4 Nxf4 14.Rxf4 O-O 15.e3 f5
16.Nd5 Bd6 17.Rh4 Be8 18.Rc1 b6 19.Bb2 Rc8 20.Qc2 Bd7 21.Nf4 Bxf4 22.Qc4+ Kh8
23.Qxf4 Rf7 24.Qh6 Qg8 25.Bd5

[Event "17. Internationales Open Graz 2010"]
[Site "Brauhaus Puntigam, Graz"]
[Date "2010.09.02"]
[Round "6"]
[Board "1"]
[White "Steininger, Friedrich"]
[Black "Kozomara, David"]
[Result "1/2-1/2"]
[WhiteElo "2129"]
[BlackElo "1962"]
[PlyCount "76"]
[EventDate "2010.08.28"]
[EventRounds "9"]
[EventCountry "AUT"]

1.d4 Nf6 2.c4 c5 3.d5 b5 4.cxb5 a6 5.e3 g6 6.Nf3 Bg7 7.Nc3 d6 8.Bd3 O-O 9.O-O
Nbd7 10.Re1 Ng4 11.Bf1 Nge5 12.Nxe5 Nxe5 13.f4 Nd7 14.h3 Qb6 15.a4 axb5 16.Bxb5
Nb8 17.Kh1 Na6 18.e4 Nb4 19.Be3 Ba6 20.Ra3 Rfb8 21.Bf2 Bxb5 22.Nxb5 Na6 23.Rb3
Qa5 24.Rf3 Nc7 25.Nxc7 Qxc7 26.b3 c4 27.Qc2 c3 28.e5 dxe5 29.fxe5 Bxe5 30.Rxe5
Qxe5 31.Bg3 Qxd5 32.Bxb8 Rxb8 33.Rxc3 e5 34.Rc8+ Rxc8 35.Qxc8+ Kg7 36.Qc4 Qd2
37.Kh2 Qd6 38.Kg1 Qd2